| 000 | 01670cam a22003974i 4500 | ||
|---|---|---|---|
| 003 | PE-LiUPU | ||
| 005 | 20250731172855.0 | ||
| 008 | 160822s2002 r 000 0 spa d | ||
| 020 | _a0764225243 | ||
| 020 | _a9780764225246 | ||
| 035 | _a(Sirsi) a163082 | ||
| 082 | 0 | 4 |
_a241.66 _bW62 |
| 100 | 1 |
_aWhite, James R., _eautor. |
|
| 245 | 1 | 4 |
_aThe same sex controversy : _bdefending and clarifying the Bible's message about homosexuality / _c James R. White & Jeffrey D. Niell. |
| 264 |
_aMinneapolis, Minn. : _bBethany House, _c2002. |
||
| 300 |
_a254 páginas ; _c22 centímetros |
||
| 504 | _aBibliografía : páginas 249-252. | ||
| 505 | 0 | _aRevisiting Sodom: the lesso of Sodom and Gomorrah -- Recycling the older testament : introducing the Leviticus passages -- Recycling the older testament : Leviticus. Part one -- Recycling the older testament : Leviticus. Part two --Unnatural affections, unnatural interpretation: Romans 1 -- Desperately defining terms --All you need is love and other justifications -- Conclusion: A pastoral appeal. | |
| 526 | _aSEG42 | ||
| 526 | _aSEG41 | ||
| 526 | _aSEG40 | ||
| 526 | _aSEG39 | ||
| 526 | _aP94 | ||
| 526 | _aP87 | ||
| 526 | _aP86 | ||
| 526 | _aP85 | ||
| 526 | _aP77 | ||
| 526 | _aP76 | ||
| 526 | _aP35 | ||
| 650 | 1 | 4 | _aBiblia y homosexualidad. |
| 700 | 1 |
_aNiell, Jeffrey D., _eautor. |
|
| 596 | _a1 | ||
| 942 |
_2ddc _cBOOK |
||
| 999 |
_a241.66 W62 _wDEWEY _c11991 _i70846 _d11991 _e2019-5-24 _f2021-11-10 _g5 _lCCODEBUL1 _mBUL _n2 _p19.00 _q1 _r0 _sY _tBOOK _u2016-8-22 _xTEOLOGIA _PP35 _0COMPRA _o.STAFF. Colección Teología |
||
| 980 |
_81 _gALBERTO SANCHEZ Responsable de Automatización |
||